000 01011nam a2200361 a 4500
001 00320148
003 OSt
005 20140310181806.0
008 920330s1988 ne ab b 00100 eng
020 _a0705409740
035 _aCUW000237199
049 _aul
050 _aD 62
_b.T583 1991
082 0 0 _aREF 930.19
_b Em7 1988
245 0 0 _aEmpires besieged :
_bAD 200-600 /
_cby the editors of Time-Life Books.
260 0 _aAmsterdam :
_bTime-Life Books,
_cc1988.
300 _a176 p. :
_bcol. ill., col. maps ;
_c28 cm.
440 0 _aTime-Life history of the world.
500 _aIncludes bibliographical references.
504 _aBibliography: p. 170-172.
520 _a1. History, Ancient.
521 _aBasic Ed. Students
541 _j1
541 _j2
541 _j3
562 _e3
650 0 _aHistory, Ancient.
710 2 _aTime-Life Books.
910 _aCKC:GS:920330
942 _2lcc
_cBK-GR
_kREF
949 _aul
_b000320148
_tmono
999 _c3796
_d3796